Filme mit Robin Williams - Sudden Death - Statistiken

Allgemein
  • Dieses Quiz wurde 202 mal gespielt
  • Das Durchschnittsergebnis liegt bei 6 aus 18
Answers on the Grid
Answers color-coded by a green-red scale on the quiz's grid according to % correct below.
Der 200 Jahre Mann
Die Abenteuer des Baron Münchhausen
Aladdin
Batman & Robin
Before Sunrise
The Big Lebowski
Die Brady Family
Der Club der toten Dichter
Das dritte Wunder
Die Farbe des Geldes
Flubber
Good Morning, Vietnam
Good Will Hunting
Hamlet
Hannah und ihre Schwestern
Happy Gilmore
Harry Potter und der Stein der Weisen
Hinter dem Horizont
Hook
Insomnia – Schlaflos
Jagd auf einen Unsichtbaren
Jakob der Lügner
Jumanji
Der Kaufmann von Venedig
König der Fischer
Mars Attacks!
Mrs. Doubtfire
Mulan
Nachts im Museum
One Hour Photo
Overboard – Ein Goldfisch fällt ins Wasser
Rocket Man
Der talentierte Mr. Ripley
Tropic Thunder
Vergiss mein nicht!
Wenn Träume fliegen lernen
 
Antwortstatistiken
Antwort % Korrekt
Als Daniel Hillard / Mrs. Euphegenia Doubtfire Mrs. Doubtfire
64%
Als Sean Maguire Good Will Hunting
62%
Als John Keating Der Club der toten Dichter
57%
Als Alan Parrish Jumanji
57%
Als Peter Pan Hook
54%
Als Professor Philip Brainard Flubber
52%
Als Theodore "Teddy" Roosevelt Nachts im Museum
52%
Als Adrian Cronauer Good Morning, Vietnam
51%
Als Andrew Martin Der 200 Jahre Mann
49%
Als Dschinni Aladdin
41%
Als Seymour Parrish One Hour Photo
20%
Als Henry "Parry" Sagan König der Fischer
18%
Als Chris Nielsen Hinter dem Horizont
16%
Als König des Mondes Die Abenteuer des Baron Münchhausen
14%
Als Walter Finch Insomnia – Schlaflos
12%
Als Jakob Heym Jakob der Lügner
12%
Als Jack Dundee Rocket Man
7%
Als Osric Hamlet
4%
Keine übereinstimmenden Quizze gefunden
Verteilung der Resultate
Anzahl Personen mit jedem Resultat
Perzentil nach korrekt beantworteten Fragen
Ihre Resultats-Entwicklung
Sie haben dieses Quiz noch nicht gespielt